| 000 | 01237nam a22003737a 4500 | ||
|---|---|---|---|
| 001 | 000000079 | ||
| 003 | CHAP | ||
| 005 | 20220329132908.0 | ||
| 008 | 971010s1972 r 00010 d | ||
| 010 | _a30 | ||
| 011 | _a1002 | ||
| 035 | _a126 | ||
| 040 | _cCHAP | ||
| 090 | _aFolleto 7686 | ||
| 100 | 0 | 0 |
_aYamamoto H., Alejandro. _9122962 |
| 245 | 1 | 0 |
_aPruebas de diagnóstico en brucelosis mediante la caja de luz / _c/ por Alejandro Yamamoto H. |
| 260 |
_aChapingo, Méx. : _bDirección General de Extensión Agrícola, _c1972. |
||
| 300 | _a8 p. | ||
| 490 |
_aManual para extensionistas _v; 2 |
||
| 590 |
_aBATCH-UPD _b10 _c20130110 _lUCH01 _h0104 |
||
| 590 |
_aBATCH-UPD _b10 _c20130110 _lUCH01 _h2045 |
||
| 590 |
_aBATCH-UPD _b10 _c20130410 _lUCH01 _h1359 |
||
| 590 |
_aBATCH-UPD _b10 _c20130914 _lUCH01 _h0753 |
||
| 590 |
_aCONVERSION _b10 _c20130109 _lUCH01 _h1302 |
||
| 590 |
_aE11695DGD _b10 _c20150506 _lUCH01 _h1201 |
||
| 650 | 1 | 4 |
_aBrucelosis. _915734 |
| 650 | 1 | 4 |
_aVeterinaria _xDiagnóstico. _9118992 |
| 830 | 0 |
_aManual para extensionistas _v; 2 _970638 |
|
| 901 | _aBK | ||
| 942 | _cFOLL | ||
| 942 | _n0 | ||
| 949 |
_aFolleto 7686 _bBC _cFOLL _d-154094 _eTS1 _i126 _si |
||
| 949 |
_aFolleto 7686 _bBC _cFOLL _d-154095 _eTS2 _fc.2 _i126 _si |
||
| 999 |
_c30 _d30 |
||